[Event "Zanic Memorial"]
[Site "Stara Pazova"]
[Date "2001.03.18"]
[Round "10"]
[White "Radulski, Julian"]
[Black "Popchev, Milko"]
[Result "1-0"]
[WhiteElo "2432"]
[BlackElo "2482"]
[Annotator "Gershon,A"]
[PlyCount "81"]
[EventDate "2001.03.09"]
[EventType "tourn"]
[EventRounds "11"]
[EventCountry "YUG"]
[EventCategory "8"]
[SourceTitle "CBM 082"]
[Source "ChessBase"]
[SourceDate "2001.05.17"]
[SourceVersion "1"]
[SourceVersionDate "2001.05.17"]
[SourceQuality "1"]

{[%mdl 32768]} 1. e4 c5 2. Nc3 Nc6 3. Nf3 e5 4. Bc4 Be7 5. O-O d6 6. h3 {
A rare plan. White does not bring the N to e3 via f1 as in the main variation.
His idea is to change the dark B for black's N.} Nf6 (6... g5 $6 {straight
forward, but I believe black is not ready yet for this kind of action} 7. Nh2
h5 8. d3 Bf8 9. Nd5 Rb8 10. a4 Bg7 11. c3 Be6 12. Re1 g4 13. hxg4 hxg4 14. g3
Kd7 15. Nxg4 f5 16. exf5 Bxf5 17. Qf3 $16 {0-1 Kolar,S-Kurajica,B/Ptuj 1991/
CBM 24 ext (50)}) 7. d3 O-O 8. a4 (8. Bg5 {is the most sensible move in the
setup white has chosen} Be6 (8... Ne8 $5) 9. Bxf6 Bxf6 10. Nd5 Rb8 11. a4 Kh8
12. Qd2 Bxd5 13. Bxd5 Ne7 14. Bc4 Ng6 15. g3 Be7 16. h4 $14 {0-1 Ayas
Fernandez,A-Komarov,D/Benasque 1996/CBM 53 ext (25)}) (8. Nh2 Nd7 9. Nd5 Nd4
10. f4 b5 11. Nxe7+ Qxe7 12. Bd5 Rb8 13. c3 Ne6 14. f5 Nc7 15. Bb3 Kh8 16. Qh5
d5 17. exd5 c4 18. dxc4 bxc4 19. Bc2 Qc5+ 20. Kh1 $14 {[%csl Yc1,Yc2] 1-0
Heidenfeld,M-Tsedenov,S/Elista 1998/CBM 66 ext (41)}) 8... a6 (8... h6 $5 9.
Nh2 Nh7 10. f4 exf4 11. Bxf4 Bg5 12. Qh5 Bxf4 13. Rxf4 Nf6 14. Qe2 Ne5 $11 {
1/2-1/2 Georg,M-Borner,D/SWZ 1993/TD (28)}) 9. Bg5 Rb8 ({also possible was} 
9... Ne8 10. Bxe7 Nxe7 $11 {[%cal Ge8c7,Yc8e6]}) 10. Bxf6 Bxf6 11. Nd5 Be6 12.
Ne3 Qd7 $6 (12... Nd4 $5 13. c3 Nxf3+ 14. Qxf3 Bg5 15. Nd5 b5 16. axb5 axb5 17.
Ba2 Kh8 {I see no reason why should black be worse}) 13. c3 Ne7 {[%cal Gd6d5]}
14. a5 d5 15. Ba2 Rfd8 $2 (15... d4 $142 16. Bxe6 (16. Nc4 dxc3 17. bxc3 Nc6
18. Nb6 Qd6 19. Nd5) 16... Qxe6 17. cxd4 cxd4 18. Nc4 $14 {[%csl Rf6]}) (15...
dxe4 $2 16. dxe4 $16 {[%csl Rb6,Rd5,Rf6]}) 16. exd5 Nxd5 17. Nc4 {[%csl Re5]}
Nf4 (17... Qc7 18. Re1) 18. Ncxe5 Bxe5 (18... Qd6 19. Bxe6 Qxe6 20. Re1 $16)
19. Nxe5 Qd6 20. Bxe6 Qxe6 (20... Qxe5 21. Bc4 Qd6 22. Qf3 $16 {[%cal Ga1d1,
Gd3d4]}) 21. Re1 Qd5 {[%csl Rd3,Rg2]} 22. Qg4 (22. Re4 Nxd3 23. Qxd3 Qxd3 24.
Nxd3 Rxd3 25. Rae1 Kf8 26. Rc4 Rd2 27. Rxc5 Rxb2 28. Rc7 Re8 $11) 22... Nxd3
23. Nxd3 Qxd3 24. Re7 {[%cal Ga1e1] The control over the 7th rank plays a very
important role in the remaining of the game} Re8 25. Qf4 $1 Rf8 (25... Qg6 $2
26. Rae1 Rf8 $4 (26... f6 27. Qc4+ Kh8 28. Qxc5 $18) 27. Qxb8 $18) 26. Rae1 {
[%cal Gf4b8,Ye7e8,Ge7f7] /\ Qxb8 Qxb8 Re8 mating;} Qd8 (26... f6 27. Qc7 Qg6
28. Qxc5 $18 {with a continuing attack}) 27. Rc7 {[%cal Ge1e7]} Rc8 28. Rxb7
Qxa5 29. Ree7 Qa2 30. Qf5 {[%csl Rc5,Rc8][%cal Ge7f7,Gf5c5,Gf5c8,Gb2b3]} g6 (
30... Rc6 31. b3 (31. Qe5 {[%cal Ge7e8]} Rcc8) 31... Rf6 (31... Qa1+ 32. Kh2
Qxc3 33. Rxf7 $18) (31... g6 {would be too late} 32. Rxf7 $1 gxf5 33. Rg7+ Kh8
34. Rxh7+ Kg8 35. Rbg7#) 32. Qxc5 $18 {[%cal Gc5f2]}) 31. Qe5 Qb1+ 32. Kh2 Rcd8
33. Qxc5 Rd1 {black threatens now..... to give two checks} 34. Qc4 {[%csl Rf7]
[%cal Gc4f7]} Qf5 35. Qg4 Qb1 36. Qf3 Rh1+ 37. Kg3 Qc1 38. Qd5 (38. Qf6) 38...
g5 39. Rxf7 Rxh3+ {desparation} 40. gxh3 Qg1+ 41. Qg2 1-0

[Event "Zanic Memorial"]
[Site "Stara Pazova"]
[Date "2001.03.18"]
[Round "10"]
[White "Sedlak, Nikola"]
[Black "Pap, Misa"]
[Result "1/2-1/2"]
[WhiteElo "2460"]
[BlackElo "2405"]
[Annotator "Gershon,A"]
[PlyCount "85"]
[EventDate "2001.03.09"]
[EventType "tourn"]
[EventRounds "11"]
[EventCountry "YUG"]
[EventCategory "8"]
[SourceTitle "CBM 082"]
[Source "ChessBase"]
[SourceDate "2001.05.17"]
[SourceVersion "1"]
[SourceVersionDate "2001.05.17"]
[SourceQuality "1"]

{[%mdl 32768]} 1. e4 c5 2. Nf3 Nc6 3. Nc3 e5 4. Bc4 Be7 5. d3 Nf6 (5... d6 6.
Nd2 Nf6 7. Nf1 Bg4 (7... Be6 8. Ne3 a6 9. a4 Nb4 10. O-O O-O 11. Qe2 Re8 12.
Bd2 Qc7 13. f4 exf4 14. Rxf4 d5 15. exd5 Qxf4 16. dxe6 fxe6 17. Nf5 $1 $44 {
1/2-1/2 Fressinet,L-Van Beers,E/Istanbul 2000/EXT 2001 (44)}) 8. f3 Be6 9. Ne3
O-O (9... a6 10. a3 (10. O-O b5 11. Bd5 Rc8 12. a4 Qb6 13. axb5 axb5 14. Ne2
O-O 15. f4 c4 16. Kh1 Nb4 17. dxc4 bxc4 18. Nc3 $14 {1/2-1/2 Ye
Jiangchuan-Krasenkow,M/Istanbul 2000/EXT 2001 (24)}) 10... b5 11. Ba2 Bxa2 12.
Rxa2 O-O 13. O-O Ne8 14. Ncd5 Bg5 15. b4 Nc7 16. Nxc7 Qxc7 17. Nd5 Qd8 18. Bxg5
Qxg5 19. Qc1 $14 {1/2-1/2 Macieja,B-Jakubiec,A/Zakopane 2000/CBM 78 ext (76)})
10. O-O Ne8 11. Ncd5 (11. f4 exf4 12. Rxf4 Bg5 13. Rf1 Nc7 14. Ned5 Bxc1 15.
Rxc1 Ne7 16. Nxc7 Qxc7 17. Qh5 Rad8 18. Rf2 Qd7 19. Rcf1 Bxc4 20. dxc4 Qe6 21.
b3 a6 22. Rd1 Nc6 23. Rfd2 Nd4 24. Ne2 Qxe4 25. Nxd4 Qe3+ 26. Kf1 cxd4 27. Rxd4
$16 {1-0 Blehm,P-Lomineishvili,M/Cappelle la Grande 2000/CBM 74 ext (41)}) (11.
Ned5 Bg5 12. f4 exf4 13. Bxf4 Ne5 14. Qd2 Bxf4 15. Qxf4 Nc7 16. Bb3 Nxd5 17.
Bxd5 Ng6 18. Qg3 Qd7 19. Rf2 Ne7 20. Bb3 b5 21. Raf1 Rae8 22. Bxe6 fxe6 23. e5
$1 d5 $2 (23... Nf5) 24. Rxf8+ Rxf8 25. Rxf8+ Kxf8 26. Qf2+ Kg8 27. Qxc5 $18 {
1/2-1/2 Fressinet,L-Bekker Jensen,S/Brussels 2000/EXT 2001 (41)}) 11... Bg5 12.
Bd2 Nc7 13. Nxc7 Bxe3+ 14. Bxe3 Qxc7 15. f4 exf4 16. Bxf4 Qd7 17. Bb5 d5 18. e5
a6 19. Bxc6 Qxc6 20. Qf3 f5 $1 $15 {0-1 Fercec,N-Sveshnikov,E/Nova Gorica 2000/
CBM 74 ext (45)}) 6. Nd2 O-O {I find it more accurate for black to, first,
play d6 and Bg4, thus provoking white to push f2-f3, which pretty much obliges
his for later f3-f4. Otherwise white has a much wider set of options.} 7. Nf1
d6 8. Ne3 a6 (8... Nd4 9. O-O Be6 10. a4 Rb8 11. Bd2 (11. Ncd5 Nxd5 12. Nxd5
Bg5 13. Be3 h6 14. Kh1 Kh8 15. c3 Nc6 16. Qh5 g6 17. Qe2 Kg7 18. g3 Bh3 19. Rg1
h5 20. f4 Bh6 21. f5 $40 {1-0 Adams,M-Rabiega,R/Frankfurt 2000/CBM 76 ext (57)}
) 11... h6 12. Kh1 Rc8 13. g3 Nc6 14. Ncd5 Qd7 15. c3 Bd8 16. f4 Bh3 17. Rg1
Ng4 18. Qe2 Nxe3 19. Bxe3 Be6 20. f5 Bxd5 21. Bxd5 $16 {1-0 Yakovich,Y-Bekker
Jensen,D/Gausdal 2000/CBM 77 ext (37) black completely lacks counterplay}) 9.
a3 (9. a4) 9... b5 10. Ba2 Rb8 11. O-O a5 $6 (11... Ne8 $142 12. Ned5 Bg5 13.
f4 exf4 14. Bxf4 Bxf4 15. Rxf4 Nc7 16. Qh5 Be6 $14) 12. Ncd5 Nxd5 13. Bxd5 (13.
Nxd5 $143 Bg5) 13... Bd7 14. f4 exf4 15. Nf5 (15. Rxf4 Ne5 16. Nf5 $14) 15...
Bxf5 16. exf5 Qd7 17. Bxf4 Bf6 (17... Nd4 18. g4 $36 {[%cal Gc2c3,Gd1f3,Gf3g3]}
) 18. c3 Ne7 19. Bf3 Rbd8 (19... Nxf5 $2 20. Bg4 g6 21. Bxf5 gxf5 22. Qh5 $16 {
[%cal Gf1f3,Gf3h3]}) 20. g4 $36 {Black is extremely passive. He has to just
sit and wait.} h6 21. Qe1 {[%cal Gh2h4]} Rfe8 22. Qf2 Rc8 $2 (22... b4 $142 23.
axb4 axb4 24. Rac1 (24. d4 cxd4 25. cxd4 Nc6 $36) 24... bxc3 25. bxc3 Qb5 26.
Qd2 (26. d4) 26... d5 27. Rfe1 $14) 23. h4 Nc6 24. Bd5 (24. g5 $143 hxg5 25.
hxg5 Be5 {[%csl Rf5]}) 24... Ne7 (24... Ne5 25. Qg3 $16 {[%cal Gg4g5]}) 25. Bg2
Be5 (25... Nc6 26. g5 hxg5 27. hxg5 Be5 28. Be3 $36 {[%cal Gf5f6,Gg5g6,Yg2d5]})
26. Be3 {[%csl Re5]} d5 $8 (26... b4 27. axb4 axb4 28. d4 Bf6 29. g5 $18) 27.
Bxc5 Qc7 28. Bb6 Qd6 29. Bxa5 $2 {Too greedy. Letting black get a very strong
counterplay} (29. Bd4 $1 Bh2+ 30. Kh1 Bg3 31. Qf3 Bxh4 32. f6 Bxf6 33. Bxf6
Qxf6 34. Qxf6 gxf6 35. Rxf6 Kg7 36. Raf1 $18) 29... Nc6 30. Bb6 Bg3 31. Qf3
Bh2+ (31... Bxh4 32. Qxd5 Qg3 33. Qf3 $18) 32. Kh1 Ne5 33. Qh3 Qxb6 34. Kxh2 (
34. d4 Nc4 35. Qxh2 {[%csl Rd5]} Nxb2 36. Bxd5 Na4 37. f6 Nxc3 $132) 34... d4
35. Rac1 Qd6 (35... dxc3 $5 {also deserved attention} 36. Rxc3 (36. bxc3 $2 Qd6
37. Kh1 Nxd3 38. Rc2 (38. Rcd1 $2 Nf2+) 38... Ne1 $17) 36... Rxc3 37. bxc3 Qc7
{[%cal Gc7h2,Ye5g4,Ye5d3]} 38. Kh1 (38. Qg3 $2 Nxg4+ 39. Kh3 Qxg3+ 40. Kxg3 Ne3
{and a win (if exists) is still very far.})) 36. Kh1 dxc3 37. Rxc3 Rxc3 38.
bxc3 Nxd3 (38... Qxd3 $2 39. Qxd3 Nxd3 40. Rb1 Rc8 41. Rxb5 Rxc3 42. Rb8+ Kh7
43. Bd5 $18 {[%csl Rh7]}) 39. g5 Rc8 $2 (39... Ne1 $142 $1 40. f6 Nxg2 41. Qxg2
hxg5 42. Qxg5 g6 {[%cal Ge8e2]} 43. Qh6 Qd5+ 44. Kg1 $8 Qc5+ 45. Kg2 Qd5+ 46.
Kg1 $11) 40. Qe3 Rc4 {[%csl Rh4][%cal Gc4h4]} 41. Qe8+ Qf8 (41... Kh7 42. Be4
$18 {[%cal Gf5f6,Gg5g6]}) 42. Qxf8+ Kxf8 43. gxh6 {A premature draw agreement!}
(43. gxh6 gxh6 (43... Rxh4+ 44. Kg1 Rxh6 45. Rb1 Ra6 46. Bf1 $1 Nf4 (46... Nc5
47. Rxb5 $18) 47. Rb3 $18) 44. f6 Rxc3 45. Rb1 Rxa3 46. Rxb5 {[%csl Rf7,Rf8,
Rh6]} Ke8 47. Bc6+ Kd8 48. Rd5+ Kc7 49. Be8 $36) 1/2-1/2

[Event "USA-CHN Summit"]
[Site "Seattle"]
[Date "2001.03.15"]
[Round "2.4"]
[White "Zhang, Zhong"]
[Black "Shabalov, Alexander"]
[Result "1/2-1/2"]
[WhiteElo "2607"]
[BlackElo "2609"]
[Annotator "Gershon,A"]
[PlyCount "116"]
[EventDate "2001.03.14"]
[EventType "team"]
[EventRounds "4"]
[EventCountry "USA"]
[SourceTitle "CBM 082"]
[Source "ChessBase"]
[SourceDate "2001.05.17"]
[SourceVersion "1"]
[SourceVersionDate "2001.05.17"]
[SourceQuality "1"]
[WhiteTeam "China"]
[BlackTeam "US of America"]
[WhiteTeamCountry "CHN"]
[BlackTeamCountry "USA"]

{[%mdl 32768]} 1. e4 c5 2. Nf3 Nc6 3. Bb5 e6 4. O-O Nge7 5. c3 a6 6. Ba4 b5 7.
Bc2 Bb7 8. Qe2 $5 {White scores extremely well in this line!} d5 (8... Qb6 9.
Rd1 d5 10. e5 d4 11. cxd4 (11. Be4 Rd8 12. d3 h6 13. Nbd2 Nd5 14. cxd4 cxd4 15.
a4 Be7 16. axb5 axb5 17. Nb3 O-O 18. Bd2 b4 19. Bc1 $1 $14 {[%cal Gb3d2,Gd2c4]
1-0 Grischuk,A-Kotsur,P/Elista 2000/CBM 79 no vc (54)}) 11... Nxd4 12. Nxd4
cxd4 13. Be4 d3 14. Bxd3 Qc6 15. f3 Qc5+ 16. Kh1 Ng6 17. Be4 $16 {1-0
Rublevsky,S-Minasian,A/Montecatini Terme 2000/CBM 79 no vc (49)}) (8... Ng6 $6
9. d4 cxd4 10. cxd4 Nh4 11. Rd1 Nxf3+ 12. Qxf3 Rc8 13. Nc3 Qf6 14. Qe3 d6 15.
d5 $16 {1-0 Sorokin,M-Aarthie,R/Hyderabad 2000/CBM 79 no vc (24)}) 9. e5 d4 (
9... c4 10. d4 cxd3 11. Bxd3 Ng6 12. Bg5 Be7 13. Bxe7 Qxe7 14. Bxg6 hxg6 15.
Nbd2 Na5 16. Nd4 {[%csl Rb7]} Rc8 17. a3 Nc4 18. N2f3 Rh5 19. h3 Kf8 20. Rfe1
Kg8 21. Ra2 Kf8 22. a4 $1 b4 23. b3 Na5 24. cxb4 Qxb4 25. Rc2 {[%csl Rf8]} Ke7
26. Rec1 Kd7 27. Rxc8 Bxc8 28. Qc2 {1-0 Malakhov,V-Kragelj,I/Bled SLO 2001/The
Week in Chess 334 (28)}) 10. Be4 Ng6 11. cxd4 cxd4 12. d3 Be7 13. g3 $6 $146 {
White delays the development of his Q side, trying to push black back on the K
side first. However, the plan has one serious drawback, the weak 'e5' pawn} (
13. Nbd2 Qb6 (13... Nf4 14. Qd1 Nd5 15. Nb3 Qb6 16. Bxd5 exd5 17. Qd2 $16) 14.
Nb3 Rc8 15. Bd2 O-O 16. h4 Rfd8 17. h5 Nf8 18. Rac1 b4 19. h6 g6 20. Bg5 Bxg5
21. Nxg5 Nd7 22. f4 $16 {1-0 Burnett,R-Van der Weide,K/Groningen 1999/CBM 73
ext (32)}) 13... O-O 14. h4 $2 (14. Nbd2 Qc7 15. Nb3 $13) 14... Re8 $2 (14...
Qc7 $142 $1 15. Re1 (15. h5 Ngxe5 16. Nxe5 (16. h6 Nxf3+ 17. Qxf3 Ne5 $17)
16... Qxe5 17. h6 Qf6 (17... f5 $2 18. Bf4 Qf6 19. hxg7 Rfc8 20. Bg2 $14 {
[%cal Gf1e1]}) 18. hxg7 Qxg7 {and white's compensation for the pawn is hardly
sufficient.}) (15. Bg5 Bxg5 16. Nxg5 h6 (16... Ncxe5 $2 17. Bxb7 Qxb7 18. h5
$18) (16... Qxe5 $2 17. f4 Qc5 18. h5 h6 19. hxg6 hxg5 20. Qh5 $18) 17. Bxg6 (
17. Nxe6 fxe6 18. Bxg6 Nxe5 19. Be4 Bxe4 20. Qxe4 Nf3+ $17 {[%csl Rb1]}) 17...
hxg5 18. Be4 gxh4 19. Qh5 g6 20. Qxh4 Nxe5 $19) 15... Rfc8 16. Bg5 Bb4 17. Bd2
Bxd2 18. Nbxd2 Ngxe5 19. Nxe5 Qxe5 20. Bxh7+ Kxh7 21. Qxe5 Nxe5 22. Rxe5 Rc2
$19) 15. h5 Nf8 16. h6 g6 17. Nbd2 $14 Nd7 18. Nb3 Qb6 19. Bf4 Rab8 {[%csl Yb7]
[%cal Gb8b7]} (19... a5 20. Nbxd4 Nxd4 21. Nxd4 $16 {[%csl Rb7]}) 20. Rfc1 a5
21. a4 $1 bxa4 {[%csl Rc4]} 22. Nbd2 {[%cal Gd2c4]} Nc5 23. Nc4 Qd8 24. Nd6
Bxd6 25. Bxc6 Be7 (25... Bxc6 $2 26. exd6 (26. Nxd4 $2 Bd5 (26... Be7 $5 27.
Nxc6 Qxd3 28. Qc2 $1 (28. Qxd3 Nxd3 29. Nxb8 Nxc1 30. Nc6 Ne2+ 31. Kf1 Nxf4 32.
Nxe7+ Rxe7 33. gxf4 Rb7 34. Rxa4 Rxb2 $2 (34... Rb5 35. Kg2 (35. b4 Rxb4 36.
Rxa5 Kf8 37. Ra8+ Ke7 38. Rh8 Rxf4 39. Rxh7 Re4 40. Rh8 Rxe5 $17) 35... f6 36.
b4 axb4 (36... Rxb4 37. Rxa5 Rxf4 38. Ra8+ Kf7 39. Ra7+ Kf8 40. exf6 Rxf6 41.
Rxh7 $11) 37. Ra8+ Kf7 38. Ra7+ Kg8 39. Rg7+ Kh8 40. exf6 b3 41. f7 Rb8 42.
f8=Q+ Rxf8 43. Rb7 Kg8 44. Kg3 $11) 35. Rxa5 $18)) (26... Bf8 $2 27. Nxc6 Qxd3
28. Qxd3 Nxd3 29. Nxb8 Nxc1 30. Nd7 Nb3 31. Nf6+ Kh8 32. Rd1 $18) 27. exd6 e5
28. Rxc5 exf4 29. Qg4 Qxd6 30. Rxa5 Qe5 $19) 26... Bxf3 27. Qxf3 Nd7 (27... Nb3
28. d7 e5 (28... Qxd7 29. Bxb8 $18 {[%cal Gf3f6]}) 29. dxe8=R+ Qxe8 30. Bg5 {
[%cal Gf3f6]} Nxa1 31. Qf6 Qf8 32. Rxa1 $18) 28. Rxa4 Rxb2 29. Rc7 $36 {
With a very strong initiative for white}) 26. Bxb7 (26. Bxe8 Qxe8 27. Nxd4 Qd7
28. Be3 Qd5 $44) 26... Rxb7 27. Rc4 Qb8 (27... Rb4 28. Rac1 Nb3 29. R1c2 {
[%cal Gc4c7]} Rxc4 30. Rxc4 Qd7 31. Bg5 $1 $36 {The dark squares in black's
camp are very weak}) 28. Rc2 {[%cal Gf3d4]} Rb4 29. Bg5 Bf8 (29... Nb3 30. Bxe7
Rxe7 (30... Nxa1 $2 31. Bd6 Qb6 (31... Nxc2 32. Bxb8 Rxb2 33. Bd6 Rc8 34. Ng5
Rb1+ 35. Kh2 Ne1 36. Qe4 $18 {[%cal Ge4f4,Gf4f6]}) 32. Rc7 Rxb2 33. Qe4 $18 {
[%csl Rg8][%cal Ge4f4,Gf4f6]}) 31. Re1 Qf8 32. Qe4 Re8 (32... Qxh6 33. Rc8+ Kg7
34. Qa8 $18) 33. Qf4 Rc8 34. Rxc8 Qxc8 35. Ng5 Qf8 36. Ne4 (36. Re2 Nc5 37. Rc2
a3 38. bxa3 Rb1+ 39. Kg2 (39. Kh2 Qxh6+ $19) 39... Nxd3 $19 {[%cal Gd3e1]})
36... Rb7 (36... Nc5 37. Nxc5 Qxc5 38. Qf6 Qf8 39. Rc1 Rb8 40. Rc7 $16) 37.
Nf6+ $36) 30. Nh2 {[%cal Gh2g4,Gg4f6]} Qb5 31. Ng4 Rb8 32. Nf6+ Kh8 33. Rxc5 $4
(33. Qf3 $1 Qxd3 (33... Rxb2 34. Nxh7 $1 f5 (34... Kxh7 $4 35. Qxf7+ Kh8 36.
Bf6+) (34... Bxh6 35. Qh1 $3 {A fantastic move suggested by my buddy, Fritz}
Rb1+ 36. Rc1 {[%cal Gh1h6]} Kxh7 37. Qxh6+ Kg8 38. Bf6 {mating}) (34... Qe8 35.
Nxf8 {[%cal Gf3f6]} Qxf8 36. Rxc5 $18) 35. Nxf8 Rxf8 (35... Rxc2 36. Bf6+ Kg8
37. h7+ $18) 36. Rxb2 Qxb2 37. Rc1 a3 38. Rxc5 a2 39. Bf6+ $1 Rxf6 (39... Kg8
40. h7+ Kxh7 41. Rc7+ Kg8 42. Rg7+ Kh8 43. Rxg6+ Rxf6 44. Qh5#) 40. Qa8+ $18)
34. Qxd3 Nxd3 35. Nd7 Rxb2 (35... Ra8 36. Nxf8 Rxf8 37. Be7 $18) 36. Rxb2 Rxb2
37. Nxf8 Nxf2 38. Rc1 $1 (38. Bf6+ Kg8 39. Rc1 Nh3+ 40. Kf1 d3 41. Rc8 Rf2+ 42.
Ke1 Re2+ 43. Kf1 Rf2+ $11) 38... Nh3+ 39. Kf1 d3 (39... Nxg5 40. Nd7 $18) (
39... Rb8 40. Nd7 Re8 41. Bf6+ Kg8 42. Bg7 $18) 40. Rc8 Rf2+ 41. Ke1 Re2+ 42.
Kd1 Nf2+ 43. Kc1 Rc2+ 44. Rxc2 dxc2 45. Nd7 Ne4 46. Bf6+ Kg8 47. g4 {[%csl Rg8]
} a3 48. Kxc2 a4 49. Kb1 $18) 33... Qxc5 $4 (33... Bxc5 34. Ne4 {[%cal Ge2f3]}
(34. Qf3 Qb7 $1 35. Ne4 Bf8 $19) 34... Bf8 (34... a3 35. Qf3 f5 36. exf6 axb2
37. f7 {[%cal Gf6f7,Yg5f6,Yf3f6]} bxa1=Q+ 38. Kh2 {This is quite unbelievable,
but the whole black army can do nothing about the simple mate threat.}) (34...
Rxb2 35. Qf3 Kg8 36. Nf6+ Kh8 37. Nd7 f5 (37... Kg8 38. Qf6 Bf8 39. Nxf8 $18)
38. Nxb8 Qxb8 39. Qc6 $18 {[%cal Gc6c5,Gc6e6]}) 35. Qf3 Qb7 36. Qf6+ Kg8 $19)
34. Nd7 Qc8 35. Nxb8 Qxb8 36. Qf3 Kg8 37. Qe4 Rxb2 38. Rxa4 {Although black
has an extra pawn he can barely improve his position} Qb3 (38... Rb5 {[%csl
Re5]} 39. Bf4 Bc5 40. Qc6 {It is unclear how can black improve his position})
39. Rxa5 Qd1+ 40. Kg2 Rb1 41. Kh3 Qh5+ 42. Bh4 Rb8 (42... g5 43. Ra8 gxh4 44.
Rxf8+ Kxf8 45. Qa8+ {The black king cannot escape the perpetual} Ke7 46. Qa7+
Kd8 47. Qa8+ Kc7 48. Qa7+ Rb7 (48... Kc6 49. Qa6+ Rb6 (49... Kc7 50. Qa7+) (
49... Kc5 50. Qc4+ Kb6 51. Qxd4+ Kb5 52. Qd7+ Ka6 53. Qc6+ Rb6 54. Qa4+ Kb7 55.
Qd7+ $11) 50. Qc8+ Kb5 (50... Kd5 $4 51. Qc4+ $18) 51. Qc4+ Ka5 52. Qa2+ Kb5
53. Qc4+ Ka5 54. Qa2+ Kb4 55. Qb2+ Kc5 56. Qc2+ $11)) 43. Qf4 Qxh6 44. Qxh6
Bxh6 45. Be7 $1 Bf8 $8 {the only way to play for a win} 46. Bxf8 Kxf8 47. Ra4
Rd8 48. f4 {[%cal Gh3g4,Gg4f3,Gf3e4]} Kg7 49. Kg4 Rd5 50. Kf3 g5 $1 {[%cal
Gh7h1] Creating a passed pawn.} 51. Ke4 gxf4 52. gxf4 (52. Kxf4 $143 {[%csl
Re5]} Kg6 {[%cal Gf7f6]}) 52... Rd8 53. Ra1 h5 54. Rh1 Kg6 55. Rh2 {White was
able to build a fortress} Rh8 56. Rh4 $1 ({but not} 56. Kxd4 $4 h4 57. Ke4 Kh5
58. Kf3 Rg8 59. d4 Rg3+ 60. Kf2 Kg4 $19) 56... Rd8 57. Rh1 Kh6 58. f5 Kg5 (
58... Kg5 59. Rg1+ Kh4 60. Rh1+ Kg4 61. Rg1+ Kh4 62. Rh1+ Kg5 $11) 1/2-1/2

[Event "EU-ch 2nd"]
[Site "Ohrid"]
[Date "2001.06.07"]
[Round "7"]
[White "Moiseenko, Alexander"]
[Black "Nedev, Trajce"]
[Result "1-0"]
[WhiteElo "2561"]
[BlackElo "2514"]
[Annotator "Gershon,A"]
[PlyCount "58"]
[EventDate "2001.06.01"]
[EventType "swiss"]
[EventRounds "13"]
[EventCountry "YUG"]
[SourceTitle "CBM 084"]
[Source "ChessBase"]
[SourceDate "2001.09.13"]
[SourceVersion "1"]
[SourceVersionDate "2001.09.13"]
[SourceQuality "1"]

{[%mdl 32768]} 1. e4 c5 2. Nf3 Nc6 3. Nc3 Nf6 4. Bb5 g6 5. e5 Ng4 6. Bxc6 dxc6
7. h3 (7. d3 Bg7 8. Bf4 Nh6 9. Ne4 Nf5 10. c3 b6 11. Qd2 Ba6 12. O-O-O Qd5 13.
g4 O-O-O 14. gxf5 Qxa2 15. Qc2 Bxd3 16. Rxd3 Qa1+ 17. Qb1 Qxb1+ 18. Kxb1 Rxd3
19. Ne1 $5 Rd1+ 20. Kc2 Rhd8 {1-0 Lastin,A-Smetankin,S/Rovno 2000/CBM 76/
[Avrukh,B] (42) The arising position is extremly complicated and it's very
hard to say who is better.}) 7... Nh6 8. g4 (8. O-O Bg7 9. d3 (9. Ne4 b6 10.
Ng3 O-O 11. d3 Nf5 12. Nxf5 Bxf5 13. Bf4 Qd5 14. Qe2 h6 15. Qe3 g5 16. Bg3 Rad8
$15 {0-1 Ivanov,V-Shvedov,S/Cherepovets 2000/EXT 2001 (48)}) 9... O-O 10. Bf4
Nf5 11. Qd2 Nd4 $132 {Bjerring,K-Campos Moreno,J/Barbera op 1996/0-1 (45)}) (8.
d3 Bg7 (8... Nf5 $5) 9. Be3 b6 10. g4 f6 11. exf6 exf6 12. Qe2 O-O 13. O-O-O
Qc7 14. d4 cxd4 15. Nxd4 Re8 16. Rhe1 Bb7 17. f4 $36 {1-0 Movsesian,S-Polasek,
J/CZE 1997/EXT 98 (41)}) 8... f5 (8... Bg7 9. d3 f5 (9... O-O 10. Be3 f5 11.
exf6 exf6 12. Qd2 Nf7 13. O-O-O b6 14. Kb1 Nd6 15. Bh6 Nb5 16. Bxg7 Kxg7 17. d4
Nxd4 18. Ne2 Re8 19. Nfxd4 cxd4 20. Nxd4 $16 {[%csl Rg7] 1-0 Van den Doel,
E-Caposciutti,M/Saint Vincent 1998/EXT 99 (56)}) 10. g5 $5 Nf7 11. Bf4 Be6 12.
Qe2 (12. h4 Qc7 13. h5 gxh5 14. Qe2 O-O-O $132 {1-0 Baron Rodriguez,J-Garcia
Melgar,J/ESP-chTB 1996 (37)}) 12... Qd7 13. O-O-O O-O 14. h4 Qc7 15. h5 $40 {
1-0 Oral,T-Smetankin,S/Pardubice 1999/EXT 2000 (35)}) 9. g5 (9. exf6 exf6 10.
d3 Nf7 11. Be3 b6 12. Qe2 Qe7 {1/2-1/2 Makarichev,S-Andonov,B/Frunze 1989})
9... Nf7 10. d3 Be6 (10... Bg7 11. Bf4 Be6 12. Qe2 Qa5 13. Bd2 Qc7 14. O-O-O
O-O-O 15. Rde1 b5 $13 {Polgar,J-Ochoa de Echaguen,F/New York op 1989/1-0 (63)})
11. Qe2 Qc7 12. h4 O-O-O {In this game, as opposed to Oral-Smetankin, black
castles long side, which makes more sence since on the >> he's simply getting
mated.} 13. Bf4 h6 $2 (13... Bg7 14. O-O-O Rd4 $5 15. Qe3 (15. Nxd4 cxd4 16.
Nb1 Bxa2 {[%csl Re5]} 17. Rhe1 e6 {And black has enough compensation for the
exchange}) 15... Rxf4 16. Qxf4 Nxe5 {[%cal Ge5d3]} 17. Nxe5 Bxe5 18. Qa4 $8 (
18. Qf3 Bxc3 19. bxc3 Bd5 $17) 18... Kb8 19. Rde1 Bf7 $44) (13... h5 $142 $5 {
[%csl Rg6] This move has it's drawbacks, of course, but black should not let
white open the 'h' file as he has too little space to regroup his pieces when
a play on the K side will begin. As to the weakness created on 'g6' - it's
fully compensated by the white's one on 'e5'}) 14. O-O-O Qa5 15. h5 $1 {
the main drawback of black's 13th move} hxg5 $2 (15... Nxg5 $142 16. Nxg5 hxg5
17. Bxg5 Rxh5 ({after} 17... Bxa2 18. hxg6 Rxh1 19. Rxh1 {the 'g6' P becomes
deadly!} Bd5 20. Rh7 Bg8 21. Qf3 $1 $16) 18. Rxh5 gxh5 19. Qxh5 Bxa2 20. Qg6
Kb8 21. Qxf5 Bd5 22. Kb1 {[%csl Rf8] white has the better game}) 16. hxg6 gxf4
17. gxf7 Rxh1 18. Rxh1 Bxa2 {after this the 'f7' pawn becomes way too strong.
(it will also, eventually, decide the game) However, black couldn't take it
either - then his B's would become just a couple of big pawns} (18... Bxf7 19.
e6 Bg6 20. Qe5 {[%csl Rf8,Rg6] with a huge positional edge for white}) 19. e6 {
[%csl Yf7]} Bd5 20. Kb1 c4 (20... Bg7 21. Nxd5 cxd5 22. Rg1 Bf8 23. Qe5 $18)
21. dxc4 Be4 22. Rd1 $1 $18 {The more pieces are changed off the board, the
more hopeless black's position becomes} Bg7 23. Rxd8+ Qxd8 24. Nxe4 fxe4 25.
Qxe4 Qb6 26. Qd4 $1 {a small tactical shot allows white to swap the last
pieces on the way to victory} Qxd4 (26... Bxd4 27. f8=Q+ Kc7 28. Qxe7+ Kb8 29.
Qe8+ Kc7 30. Qd7+ Kb8 31. Nxd4 $18) 27. Nxd4 Kc7 28. c5 {the most accurate
although anything wins here.} (28. Nf5) 28... a5 29. Nf5 Bf8 (29... Bf8 30. Nh4
Bg7 31. Ng6 $18) 1-0